| 000 | 00382nam a2200121Ia 4500 | ||
|---|---|---|---|
| 008 | 160209s9999 xx 000 0 und d | ||
| 100 | _aShackleton, M. | ||
| 245 | _aFrom tragedy to challenge : the impact of disabilities on families / | ||
| 245 | _cM. Shackleton. | ||
| 260 | _c2012 | ||
| 650 | _xDevelopmental disabilities. | ||
| 856 | _uhttp://www.smashwords.com/books/view/139237 | ||
| 999 |
_c290498 _d290498 |
||